00661nam a22001577a 4500041000800000082001600008100002000024245008500044260007100129300000800200650005200208942000700260952011000267952010900377999001700486 aENG a228.07bHAG aHagelberg, Dave aThe revelation of Jesus Christ : to the seven churches and to us, chapters 12-22 aDelhi b Indian Society for Promoting Christian Knowledge,c 2013. a158 a Bible. -- Revelation, XII-XXII -- Commentaries cBK 00104070aHMIbHMIcGENd2020-06-02eISPCKg225.00l0o228.07 HAGp11004230r2026-01-16w2026-01-16yBK 00104070aHMIbHMIcGENd2020-06-02eISPCKg225.00l0o228.07 HAGp11-4229r2020-06-02w2020-06-02yBK c22871d22871